000
00310nam a2200145Ia 4500
100
_a
Leon Alexis/ Mathews/ L
942
_c
BK
654
_a
Computer
245
_a
Internet for Everyone
260
_b
Leon Tech World
_c
1998
082
_a
5.74
_b
LEO/LEO
300
_a
170
546
_a
ENGLISH
999
_c
32877
_d
32877